| 000 | 01042nam a2200277 i 4500 | ||
|---|---|---|---|
| 001 | 35353 | ||
| 003 | ES-MaACL | ||
| 005 | 20230906155119.0 | ||
| 007 | t| | ||
| 008 | 030212s1980 sp ||||1| spa d | ||
| 020 | _a84-253-1193-4 | ||
| 100 | 1 |
_aBolloten, Burnett. _929995 |
|
| 245 | 1 | 3 |
_aLa revolución española : _bsus orígenes, la izquierda y la lucha por el poder durante la guerra civil 1936-1939 / _cBurnett Bolloten ; prólogo por Gabriel Jackson ; [traducción por Ramón Hernández Sol]. |
| 250 | _a1ª ed. | ||
| 260 |
_aBarcelona, etc. : _bGrijalbo, _c1980. |
||
| 300 |
_a737 p. ; _c19 cm. |
||
| 490 | 1 |
_aDimensiones hispánicas ; _v27 |
|
| 504 | _aBibliografía: p. 658-698. | ||
| 650 | 0 | 0 |
_aComunismo- _zEspaña- _y1931-1939. _911218 |
| 651 | 0 |
_aEspaña- _xHistoria- _y1931-1939, II República. _98283 |
|
| 700 | 1 |
_aJackson, Gabriel, _d1921-2019 _965809 |
|
| 700 | 1 |
_aHernández Sol, Ramón. _963057 |
|
| 830 | 1 |
_aDimensiones hispánicas ; _v27 _9181544 |
|
| 852 |
_aES-MaACL _jF-10996 |
||
| 999 |
_c35353 _d35353 |
||